| 000 | 01389cam a22002891 4500 | ||
|---|---|---|---|
| 001 | sa 68020107 | ||
| 003 | DLC | ||
| 005 | 20260227112722.0 | ||
| 008 | 900726m19659999pk 000 0 perr | ||
| 010 | _asa 68020107 | ||
| 025 | _aPL480:I-P-83 | ||
| 035 | _a(OCoLC)22148126 | ||
| 040 |
_aDLC _cWaU _dDLC |
||
| 042 | _apremarc | ||
| 043 | _aa-ir--- | ||
| 050 | 0 | 0 |
_aPN6267.P4 _bA9 1965 |
| 100 | 1 |
_aʻAwfī, Muḥammad, _dactive 1228. |
|
| 240 | 1 | 0 | _aJavāmiʻ al-ḥikāyāt va lavāmiʻ al-rivāyāt |
| 245 | 1 | 0 |
_aKitāb-i javāmiʻ al-ḥikāyāt va lavāmiʻ al-rivāyāt, _ctaʼlīf-i Sadīd al-Dīn Muḥammad ʻAwfī ki bi-nām-i Niẓām al-Mulk Abū Saʻd al-Junaydī vazīr-i Sulṭān Shams al-Dīn al-Tatumsh Pādishāh-i Dihlī bi-sāl-i 625 hijrī/1228 masīḥī muʻanvan shudah. Aknūn az rūyi naskh-i qadīma-ʼi muʻtabarah ba-muqaddimah va taṣḥīḥ-i Muḥammad Niẓām al-Dīn ... Chāp shud. |
| 260 |
_aḤaydarābād Dakkan, _bMaṭbaʻ-i Dāʼirat al-Maqʻārif al-ʻUs̲mānīyah _c1965- |
||
| 300 |
_av. _c25 cm. |
||
| 440 | 0 | _aIndological series | |
| 500 | _aAdded t. p.: Persian text of the Jawāmiʻ ul-ḥikāyāt wa lawāmiʻ ur-riwāyāt of Sadīduʼd-Din Muḥammad al-ʻAwfī al-Bukhārī. | ||
| 650 | 0 |
_aAnecdotes _zIran. |
|
| 700 | 2 |
_aNiẓamuʼd-Dīn, Muḥammad, _eed. |
|
| 740 | 0 | _aJavāmiʻ al-ḥikāyāt va lavāmiʻ al-rivāyāt. | |
| 999 |
_c89247 _d89247 |
||